header

Famine in North Korea (Record no. 140559)

MARC details
000 -LEADER
fixed length control field 01983nam a22003974a 4500
082 04 - DEWEY DECIMAL CLASSIFICATION NUMBER
Classification number 363.8095193
100 1# - MAIN ENTRY--AUTHOR NAME
Personal name Haggard, Stephan.
245 10 - TITLE STATEMENT
Title Famine in North Korea
260 ## - PUBLICATION, DISTRIBUTION, ETC. (IMPRINT)
Place of publication New York :
Name of publisher Columbia University Press,
Year of publication c2007.
300 ## - PHYSICAL DESCRIPTION
Number of Pages xxii, 309 p. :
Other physical details ill., maps.
505 0# - FORMATTED CONTENTS NOTE
Formatted contents note Introduction: Famine, aid, and markets in North Korea -- The origins of the great famine -- The distribution of misery : famine and the breakdown of the public distribution system -- The aid regime : the problem of monitoring -- Diversion -- The political economy of aid -- Coping, marketization, and reform : new sources of vulnerability -- Conclusion : North Korea in comparative and international perspective.
650 #0 - SUBJECT ADDED ENTRY--TOPICAL TERM
Topical Term Famines
Topical Term Food supply
Topical Term Food relief
700 1# - ADDED ENTRY--PERSONAL NAME
Personal name Noland, Marcus,
856 40 - ELECTRONIC LOCATION AND ACCESS
Uniform Resource Identifier http://site.ebrary.com/lib/rucke/Doc?id=10177987

No items available.

© 2026 Rongo University
Contact us: librarian | system librarian | Rongo university